| 000 | 01004cab a22002055a 4500 | ||
|---|---|---|---|
| 001 | L139834 | ||
| 008 | 070814e20070726xxkd f 000 0 eng d | ||
| 035 | _a(Sirsi) u139834 | ||
| 041 | 0 | _aeng | |
| 110 | 2 |
_aInstitution of Civil Engineers _91402 |
|
| 245 | 0 | 0 | _aUpwardly mobile |
| 260 | _c2007 | ||
| 490 | 0 |
_aNew Civil Engineer _v26 July 2007, 20-23(4) |
|
| 520 | _aThe ICE salary survey 2006-07 shows that engineers are experiencing sound pay rises, with the average basic salary for engineers at £44 250 and the average total income at £48 180, up 12% from two years ago. The survey also reveals high levels of job satisfaction, with 70% of respondents happy with their employer and the variety of work. Tables show change in salary between 2004 and 2007 by level of responsibility, membership grade, field of work, and region. | ||
| 590 | _aKA | ||
| 650 | 2 | 4 | _aINSTITUTION OF CIVIL ENGINEERS SALARY SURVEY |
| 651 | 4 |
_aUnited Kingdom _y |
|
| 690 | _aBUILT ENVIRONMENT-ENGINEERING | ||
| 942 | _n0 | ||
| 999 |
_c79098 _d79098 |
||